000 00758nam a2200253Ia 4500
003 OSt
005 20220923214513.0
006 a|||||r|||| 00| 0
007 ta
008 220922b |||||||| |||| 00| 0 hin d
024 _a170,184
037 _cTextual
040 _aARTS
_cARTS
_bhin
041 _2hin
_ahin
082 _aO152,3N031,SS, L0
100 _aवर्मा, भगवतीचरण
245 0 _aसीधी सच्ची बातें
246 _aSīdhī sachchī bātean
250 _aसंस्क0 2
260 _c1970
650 _aहिन्दी साहित्य
_9156264
942 _hO152,3N031,SS, L0
_cTEXL
_2CC
999 _c324516
_d324516